Anagrammi dei Calciatori - Quiz n°23 - Statistics

Statistiche generali
  • Questo quiz è stato fatto 4 volte
  • Il punteggio medio è 3 su 10
Statistiche sulle risposte
Anagramma Calciatore % Corretto
agray Garay
75%
izco Zico
75%
skole Klose
50%
oardsrst Trossard
50%
icgleeed De Ceglie
25%
eeldfr Defrel
25%
iianlpl Pinilla
25%
oeberd De Boer
0%
sláugic Gulácsi
0%
lpiacsa Pasalic
0%
Nessun quiz corrispondente trovato
Distribuzione punteggi
Percentuale di utenti per punteggio
Percentile per numero di risposta
I tuoi punteggi nel tempo
Non hai fatto questo quiz